Singha durbar : (Record no. 144814)

MARC details
000 -LEADER
fixed length control field 00653nam a22002057a 4500
005 - DATE AND TIME OF LATEST TRANSACTION
control field 20181031131924.0
010 ## - LCCN (DPL NO)
LC control number B-710694
020 ## - INTERNATIONAL STANDARD BOOK NUMBER
International Standard Book Number 9788129145611
Terms of availability 495.00
035 ## - SYSTEM CONTROL NUMBER
System control number B-710694
037 ## - SOURCE OF ACQUISITION
Source of stock number/acquisition Uppal Books
Stock number dpl
082 ## - DEWEY DECIMAL CLASSIFICATION NUMBER
Classification number 954.96
100 ## - MAIN ENTRY--PERSONAL NAME
Personal name Rana, Sagar S.J.B.
245 ## - TITLE STATEMENT
Title Singha durbar :
Statement of responsibility, etc by Sagar S.J.B. Rana
Remainder of title rise and fall of the Rana Regime of Nepal /
260 ## - PUBLICATION, DISTRIBUTION, ETC. (IMPRINT)
Place of publication, distribution, etc New Delhi
Name of publisher, distributor, etc Rupa Pub.
Date of publication, distribution, etc 2017
270 ## - ADDRESS
Address 7/16, Ansari Road, Daryaganj,
City New Delhi
Postal code 110002
300 ## - PHYSICAL DESCRIPTION
Extent xiv,426p.
Dimensions 23cm(pbk)
500 ## - GENERAL NOTE
General note Includes index
942 ## - ADDED ENTRY ELEMENTS (KOHA)
Source of classification or shelving scheme Dewey Decimal Classification
Item type English Books
Call number suffix RAN
Holdings
Withdrawn status Lost status Not for loan Collection code Home library Current library Date acquired Source of acquisition Cost, normal purchase price Full call number Barcode Copy number Cost, replacement price Koha item type
      Non-fiction Ashok Vihar Ashok Vihar 31/10/2018 Gift /16.10.2018 495.00 954.96 RAN B-710694 1 495.00 English Books

© Delhi Public Library
Hit Counter
free hit counter